| 000 | 00629cam a22002172 4500 | ||
|---|---|---|---|
| 001 | 0000004123 | ||
| 005 | 20151217145755.0 | ||
| 008 | 070521s xx 000 0 eng d | ||
| 020 |
_a0131482134 : _c$ 35.44 |
||
| 040 |
_aKABU _cKABU |
||
| 050 | 0 |
_aQA76.73 _b.J38V36 2004 |
|
| 100 | 1 |
_aVan der Linden, Peter. _@0000154506 |
|
| 245 | 1 | 0 | _aJust Java 2. |
| 250 | _a6th ed. | ||
| 260 |
_aSanta Clara, CA : _bSun Microsystems Press, _c2004. |
||
| 300 | _axxiii, 816 p. | ||
| 650 | 0 |
_aJava (Computer program language) _@0000148169 |
|
| 908 | _a070521 | ||
| 950 | _@1 | ||
| 999 |
_c2472 _d2472 |
||